Significado de la educación en la vida del pueblo peruano / (Record no. 12984)

000 -CABECERA
fixed length control field 00846nam a22002177a 4500
003 - IDENTIFICADOR DEL NÚMERO DE CONTROL
control field AR-CdUCM
008 - DATOS DE LONGITUD FIJA--INFORMACIÓN GENERAL
fixed length control field 190410b ||||| |||| 00| 0 spa d
040 ## - FUENTE DE LA CATALOGACIÓN
Agencia/entidad que catalogó originalmente la obra MUNICIPALIDAD PROVINCIAL DEL CUSCO
Entidad que transcribió la catalogación BIBLIOTECA MUNICIPAL DEL CUSCO
082 ## - NÚMERO DE LA CLASIFICACIÓN DECIMAL DEWEY
No. de Clasificación C / 379.85 /
Notacion interna A83
100 ## - ENTRADA PRINCIPAL--NOMBRE DE PERSONA
Nombre Personal Astete Abrill, Antonio M.
245 ## - MENCIÓN DE TÍTULO
Título Significado de la educación en la vida del pueblo peruano /
260 ## - PUBLICACIÓN, DISTRIBUCIÓN, ETC.
Lugar de publicación, distribución, etc. Cuzco :
Nombre de la editorial, distribuidor, etc. H. G. Rozas,
Fecha de publicación, distribución, etc. 1956.
300 ## - DESCRIPCIÓN FÍSICA
Nº de Páginas Extensión 162 páginas ;
Dimensiones 22 cm.
505 ## - NOTA DE CONTENIDO CON FORMATO
Nota de contenido formateada Escenario y significado de la educación tawantinsuyana -- Colapso de la educación en la época colonia -- Educación republicana...
650 ## - PUNTO DE ACCESO ADICIONAL DE MATERIA--TÉRMINO DE MATERIA
Descriptor Educación colonial.
9 (RLIN) 25888
650 ## - PUNTO DE ACCESO ADICIONAL DE MATERIA--TÉRMINO DE MATERIA
Descriptor Educación republicana.
9 (RLIN) 31135
650 ## - PUNTO DE ACCESO ADICIONAL DE MATERIA--TÉRMINO DE MATERIA
Descriptor Educación inca.
9 (RLIN) 10422
650 ## - PUNTO DE ACCESO ADICIONAL DE MATERIA--TÉRMINO DE MATERIA
Descriptor Historia de la educación.
9 (RLIN) 8386
942 ## - ELEMENTOS DE PUNTO DE ACCESO ADICIONAL (KOHA)
Fuente de clasificación
Tipo de item Libros-BMC
945 ## - PROCESAMIENTO DE INFORMACIÓN LOCAL (OCLC)
Catalogador wfj
AAAA-MM-DD - Fecha de ingreso o modificacion 2019-04-10
Holdings
Estado de retiro (separado) Fuente de clasificación o esquema de estanterías Estado dañado Ubicación Sala donde se ubica Nombre de la colección Fecha de adquisición o compra Costo, precio normal en soles Signatura topográfica Código de Barras Última vez visto (Koha) Tipo de ítem (Koha)
No     Sala Cusco Antiguo Sala Cusco Antiguo Book Cart 2019-04-10 30.00 C / 379.85 / A83 SCA0002509 2019-04-10 Libros-BMC
No     Sala Cusco Antiguo Sala Cusco Antiguo Book Cart 2019-04-11 30.00 C / 379.85 / A83 / e.2 SCA0002529 2019-04-11 Libros-BMC
No     Sala Cusco Antiguo Sala Cusco Antiguo Book Cart 2019-04-11 30.00 C / 379.85 / A83 / e.3 SCA0003387 2019-04-26 Libros-BMC

Powered by Koha